00866nam a2200193 i 4500001000700000003000900007005001700016008004100033100003000074245014300104260006200247300002200309530003500331650002900366700003100395700004600426852011100472856008900583184292ES-MaACL20250825214713.0150612s1886 sp |||| | spa d1 aFerrán y Clúa, Jaime.13aLa inoculación preventiva contra el cólera morbo asiático / cpor J. Ferrán ; con la colaboración de los Dres. Gimeno y Paulí. aValencia : bImp. y Librería de Ramón Ortega, c1886. a337 p. ; c24 cm. aDisponible en formato digital. aCólera-xVacunación.1 aGimeno, Amalio,d1850-19361 aPaulí I Galceran, Inocent (d1854-1921) aES-MaACLjT-835-F-2 z.- Enc. en un vol. facticio conservando la enc. originalz.- Ded. ms. de los autores uhttp://bdh-rd.bne.es/viewer.vm?id=0000117787&page=1 zBiblioteca Digital Hispánica